| 000 | 01101cab a2200241 4500 | ||
|---|---|---|---|
| 001 | ABS44523 | ||
| 008 | 090401t1991 xxu||||| |||| 00| 0 eng d | ||
| 035 | _a(Sirsi) u47652 | ||
| 041 | _aeng | ||
| 100 | _aAdair, A. S. | ||
| 245 | _aLand availability , housing demand and the property market | ||
| 260 | _c1991 | ||
| 350 | _a0 | ||
| 490 |
_aJournal of Property Research _v8(1) Spring 1991, 59-69(11) |
||
| 520 | _aPlanning authorities and developers are often in conflict over the level of housing demand and the availability of land . This strife arises from an insufficiency of information on the property market to substantiate the differing ambitions of each party. Conditions in Northern Ireland `s housing market are analysed to establish an inverse land supply model as a means of more clearly explaining the land/ development relationship. | ||
| 650 | _aDEVELOPMENT | ||
| 650 | _aHOUSE BUILDING | ||
| 650 | _aSUPPLY AND DEMAND | ||
| 650 | _aTOWN AND COUNTRY PLANNING | ||
| 690 | _aPROPERTY-RESIDENTIAL PROPERTY-RESIDENTIAL PROPERTY MARKET | ||
| 942 | _n0 | ||
| 948 | _c04/03/1997 | ||
| 999 |
_c30037 _d30037 |
||